[Event "Deizisau Autumn op 15th"]
[Site "Deizisau"]
[Date "2021.11.01"]
[Round "7"]
[White "Neiss, Josef Martin"]
[Black "Dabo Peranic, Robert"]
[Result "0-1"]
[WhiteElo "2031"]
[BlackElo "2288"]
[PlyCount "44"]
[EventDate "2021.10.29"]
[EventType "swiss"]
[EventRounds "7"]
[EventCountry "GER"]
[SourceTitle "CBM 204 Extra"]
[Source "ChessBase"]
[SourceDate "2021.11.30"]
[SourceVersion "1"]
[SourceVersionDate "2021.11.30"]
[SourceQuality "1"]

1. Nf3 d5 2. c4 d4 3. b4 f6 4. e3 e5 5. c5 a5 6. Bc4 Nh6 7. Nxe5 fxe5 8. Qh5+ Kd7 9. Qxe5 Qf6 10. Qd5+ Ke8 11. Bb2 Nc6 12. b5 Nb4 13. Qe4+ Qe7 14. Qxe7+ Bxe7 15. Bxd4 Nc2+ 16. Kd1 Nxd4 17. exd4 Bf6 18. Nc3 Bxd4 19. Nd5 Kd8 20. Rc1 Bxc5 21. Bb3 Bd6 22. b6 c6 0-1

[Event "Arber op 8th"]
[Site "Bodenmais"]
[Date "2019.08.03"]
[Round "8"]
[White "Neiss, Josef Martin"]
[Black "Pfeifer, Wilfried"]
[Result "1-0"]
[WhiteElo "2041"]
[BlackElo "1916"]
[PlyCount "101"]
[EventDate "2019.07.27"]
[EventType "swiss"]
[EventRounds "9"]
[EventCountry "GER"]
[SourceTitle "CBM 191 Extra"]
[Source "ChessBase"]
[SourceDate "2019.09.30"]
[SourceVersion "1"]
[SourceVersionDate "2019.09.30"]
[SourceQuality "1"]

1. Nf3 f5 2. d3 d6 3. e4 e5 4. Nc3 Nf6 5. Bg5 Be7 6. Bxf6 Bxf6 7. d4 0-0 8. Bc4+ Kh8 9. dxe5 dxe5 10. Qxd8 Rxd8 11. Nd5 Na6 12. 0-0-0 Be6 13. exf5 Bxf5 14. Bxa6 bxa6 15. Nxf6 gxf6 16. Rxd8+ Rxd8 17. Rd1 Rd6 18. Nd2 Kg7 19. Nc4 Rxd1+ 20. Kxd1 Be6 21. Ne3 Kf8 22. a3 a5 23. Kd2 Ke7 24. Kd3 a4 25. Ke4 Kd6 26. f4 exf4 27. Kxf4 Bc8 28. Ke4 Bd7 29. Kd4 c5+ 30. Ke4 Bc6+ 31. Kf5 Ke7 32. g3 Bd7+ 33. Ke4 Bc6+ 34. Kd3 Bb5+ 35. Ke4 Bc6+ 36. Kf4 Ke6 37. g4 Bb7 38. h4 Bc6 39. c4 Bd7 40. Nd1 Bc6 41. Nf2 Bg2 42. Nd3 Kd6 43. Kf5 Bf1 44. Nf4 Ke7 45. Nd5+ Kf7 46. Nxf6 Bxc4 47. Ne4 Bd3 48. Kf4 c4 49. Nc3 Bc2 50. Nb5 Ke6 51. Nd4+ 1-0

[Event "Arber op 8th"]
[Site "Bodenmais"]
[Date "2019.07.30"]
[Round "4"]
[White "Neiss, Josef Martin"]
[Black "Desoye, Gernot"]
[Result "1-0"]
[WhiteElo "2041"]
[BlackElo "1777"]
[PlyCount "63"]
[EventDate "2019.07.27"]
[EventType "swiss"]
[EventRounds "9"]
[EventCountry "GER"]
[SourceTitle "CBM 191 Extra"]
[Source "ChessBase"]
[SourceDate "2019.09.30"]
[SourceVersion "1"]
[SourceVersionDate "2019.09.30"]
[SourceQuality "1"]

1. Nf3 c5 2. c4 Nc6 3. Nc3 Nf6 4. g3 g6 5. Bg2 Bg7 6. 0-0 0-0 7. b3 b6 8. d4 cxd4 9. Nxd4 Bb7 10. Bb2 Rb8 11. Rc1 Nxd4 12. Qxd4 Bxg2 13. Kxg2 d6 14. Rfd1 Rb7 15. Nd5 Ne8 16. Qd2 Bxb2 17. Qxb2 Nc7 18. Nf4 Qc8 19. h4 Ne6 20. Nd5 h5 21. Rd3 Rd8 22. Rf3 Rf8 23. Qd2 Kg7 24. a4 Qc5 25. Re3 Qc8 26. a5 Re8 27. axb6 axb6 28. Rcc3 Qb8 29. Qd3 b5 30. Rxe6 fxe6 31. Nf4 Rf8 32. Qxg6+ 1-0

[Event "Regionalliga Sued-West 1718"]
[Site "Bayern"]
[Date "2018.02.04"]
[Round "6.3"]
[White "Schmidt, Olaf"]
[Black "Neiss, Josef Martin"]
[Result "1/2-1/2"]
[WhiteElo "2011"]
[BlackElo "2031"]
[PlyCount "41"]
[EventDate "2017.10.22"]
[EventType "team-tourn"]
[EventRounds "9"]
[EventCountry "GER"]
[SourceTitle "EXT 2022"]
[Source "ChessBase"]
[SourceDate "2021.10.06"]
[SourceVersion "1"]
[SourceVersionDate "2021.10.06"]
[SourceQuality "1"]
[WhiteTeam "Augsburg SK Rochade"]
[BlackTeam "Mering"]
[WhiteTeamCountry "GER"]
[BlackTeamCountry "GER"]

1. d4 Nf6 2. c4 e5 3. dxe5 Ng4 4. Bf4 Nc6 5. Nf3 Bb4+ 6. Nbd2 Qe7 7. e3 Ngxe5 8. Nxe5 Nxe5 9. Be2 0-0 10. 0-0 Bxd2 11. Qxd2 d6 12. Rfc1 a5 13. c5 dxc5 14. Qd5 Ng6 15. Bg3 Rd8 16. Qxc5 Qxc5 17. Rxc5 Rd2 18. Bf3 c6 19. Rd1 Rxd1+ 20. Bxd1 Be6 21. a3 1/2-1/2

[Event "Regionalliga SW 1617"]
[Site "Bayern"]
[Date "2016.12.04"]
[Round "3.3"]
[White "Neiss, Josef Martin"]
[Black "Schoeneich, Matthias"]
[Result "0-1"]
[WhiteElo "2000"]
[BlackElo "2137"]
[PlyCount "80"]
[EventDate "2016.10.16"]
[EventType "team-tourn"]
[EventRounds "9"]
[EventCountry "GER"]
[SourceTitle "EXT 2019"]
[Source "ChessBase"]
[SourceDate "2018.10.10"]
[SourceVersion "1"]
[SourceVersionDate "2018.10.10"]
[SourceQuality "1"]
[WhiteTeam "Mering"]
[BlackTeam "Bayern Muenchen III"]
[WhiteTeamCountry "GER"]
[BlackTeamCountry "GER"]

1. Nf3 d5 2. c4 d4 3. b4 f6 4. e3 e5 5. c5 a5 6. Bb5+ c6 7. Bc4 axb4 8. Nxe5 fxe5 9. Qh5+ g6 10. Qxe5+ Qe7 11. Qxh8 Nf6 12. Bb2 Be6 13. d3 Bxc4 14. Bxd4 Nbd7 15. dxc4 0-0-0 16. a3 b3 17. Nd2 Bg7 18. Qxd8+ Qxd8 19. Nxb3 Qc7 20. h3 Ne5 21. 0-0 Nxc4 22. a4 g5 23. Rfc1 Ne5 24. a5 Nd3 25. Rcb1 Ne4 26. f3 Bxd4 27. Nxd4 Nexc5 28. a6 Nxa6 29. Rd1 Ndc5 30. Nf5 Qe5 31. e4 Ne6 32. Ra2 Kc7 33. Rad2 Nac5 34. Ra2 Kb8 35. Rda1 Nd4 36. Ra8+ Kc7 37. Ne3 Na6 38. Rd1 Qc5 39. Kf2 Nc2 40. Rd3 Nab4 0-1

[Event "Regionalliga SW 1415"]
[Site "Bayern"]
[Date "2014.12.07"]
[Round "4.3"]
[White "Jussupow, Alexander"]
[Black "Neiss, Josef Martin"]
[Result "0-1"]
[WhiteElo "2135"]
[BlackElo "2051"]
[PlyCount "44"]
[EventDate "2014.10.19"]
[EventType "team-tourn"]
[EventRounds "9"]
[EventCountry "GER"]
[SourceTitle "EXT 2018"]
[Source "ChessBase"]
[SourceDate "2017.10.13"]
[SourceVersion "1"]
[SourceVersionDate "2017.10.13"]
[SourceQuality "1"]
[WhiteTeam "Krumbach"]
[BlackTeam "Mering"]
[WhiteTeamCountry "GER"]
[BlackTeamCountry "GER"]

1. d4 Nf6 2. Nf3 d5 3. c4 c6 4. e3 Bf5 5. cxd5 cxd5 6. Qb3 Qb6 7. Bb5+ Nc6 8. Ne5 e6 9. Nc3 Rc8 10. Bd2 Bd6 11. Rc1 0-0 12. Na4 Qd8 13. Nxc6 bxc6 14. Rxc6 Rxc6 15. Bxc6 Ne4 16. Nc3 Qg5 17. g3 Rb8 18. Qd1 Rxb2 19. Qc1 Rxd2 20. Nxe4 Bxe4 21. Kxd2 Bb4+ 22. Ke2 Qg4+ 0-1

[Event "Regionalliga SW 1314"]
[Site "Bayern"]
[Date "2014.02.09"]
[Round "6.3"]
[White "Rusche, Johannes"]
[Black "Neiss, Josef Martin"]
[Result "1-0"]
[WhiteElo "2219"]
[BlackElo "1995"]
[PlyCount "101"]
[EventDate "2013.10.13"]
[EventType "team-tourn"]
[EventRounds "9"]
[EventCountry "GER"]
[SourceTitle "EXT 2015"]
[Source "ChessBase"]
[SourceDate "2014.11.20"]
[SourceVersion "1"]
[SourceVersionDate "2014.11.20"]
[SourceQuality "1"]
[WhiteTeam "Garching II"]
[BlackTeam "Mering"]
[WhiteTeamCountry "GER"]
[BlackTeamCountry "GER"]

1. e4 c6 2. d4 d5 3. f3 Qb6 4. Nc3 e5 5. dxe5 Bc5 6. Na4 Bf2+ 7. Ke2 Qd4 8. Qxd4 Bxd4 9. f4 dxe4 10. Be3 Bxe3 11. Kxe3 f5 12. Ne2 Ne7 13. c4 b6 14. Nd4 Na6 15. Be2 h5 16. Nc3 Nc7 17. b4 Be6 18. Rhd1 Kf7 19. b5 c5 20. Nc6 Nxc6 21. bxc6 Rac8 22. Nb5 Nxb5 23. cxb5 Rc7 24. a4 h4 25. a5 Rb8 26. axb6 Rxb6 27. Rdc1 c4 28. Ra5 a6 29. bxa6 Ra7 30. Rxc4 Bxc4 31. Bxc4+ Ke7 32. Bb5 Kd8 33. Kd4 Kc7 34. Kc5 Rb8 35. Ra3 Rd8 36. Bc4 Rd2 37. e6 Rd6 38. Bd5 Rd8 39. e7 Re8 40. Rb3 Rxe7 41. Rb7+ Kd8 42. Kd6 Rc7 43. Be6 Rxc6+ 44. Kxc6 Rxa6+ 45. Rb6 Rxb6+ 46. Kxb6 e3 47. Bc4 Ke7 48. Kc5 Kf6 49. Kd4 e2 50. Bxe2 h3 51. g3 1-0

[Event "Hamburg St Pauli op-A"]
[Site "Hamburg"]
[Date "2011.07.17"]
[Round "9"]
[White "Korba, Roman"]
[Black "Neiss, Josef Martin"]
[Result "1-0"]
[WhiteElo "2213"]
[BlackElo "2076"]
[PlyCount "45"]
[EventDate "2011.07.09"]
[EventType "swiss"]
[EventRounds "9"]
[EventCountry "GER"]
[SourceTitle "CBM 143 Extra"]
[Source "ChessBase"]
[SourceDate "2011.08.29"]
[SourceVersion "1"]
[SourceVersionDate "2011.08.29"]
[SourceQuality "1"]

1. d4 g6 2. c4 Bg7 3. e4 c5 4. d5 d6 5. Nc3 a6 6. Nf3 b5 7. cxb5 axb5 8. Bxb5+ Bd7 9. Bc4 Bg4 10. h3 Bxf3 11. Qxf3 Nd7 12. 0-0 Ngf6 13. a4 0-0 14. Qe2 Qc7 15. Bd2 Nb6 16. Bb5 Nfd7 17. a5 Nc8 18. Bc6 Rb8 19. Nb5 Qd8 20. a6 Ne5 21. Ba5 Nb6 22. a7 Nxc6 23. dxc6 1-0

[Event "Hamburg St Pauli op-A"]
[Site "Hamburg"]
[Date "2011.07.13"]
[Round "6"]
[White "Neiss, Josef Martin"]
[Black "Tscherepanov, Leon"]
[Result "1-0"]
[WhiteElo "2076"]
[BlackElo "1841"]
[PlyCount "131"]
[EventDate "2011.07.09"]
[EventType "swiss"]
[EventRounds "9"]
[EventCountry "GER"]
[SourceTitle "CBM 143 Extra"]
[Source "ChessBase"]
[SourceDate "2011.08.29"]
[SourceVersion "1"]
[SourceVersionDate "2011.08.29"]
[SourceQuality "1"]

1. Nf3 d5 2. c4 e6 3. g3 Nf6 4. b3 Be7 5. Bb2 0-0 6. Bg2 c5 7. cxd5 exd5 8. d4 Nc6 9. 0-0 Ne4 10. dxc5 Bf6 11. Nd4 Re8 12. e3 Qe7 13. Nc3 Nxc3 14. Bxc3 Qxc5 15. Rc1 Qb6 16. Bxd5 Ne5 17. Nf3 Bg4 18. Bxe5 Rxe5 19. Rc4 Rd8 20. Rxg4 Rexd5 21. Qc2 h5 22. Rc4 g5 23. Rc8 Qe6 24. Rxd8+ Rxd8 25. Rd1 Rc8 26. Qd3 g4 27. Nd4 Qe5 28. Qb5 Qe4 29. Qxh5 Bxd4 30. exd4 Qf3 31. Qg5+ Kh7 32. Qd2 Rd8 33. d5 Rd6 34. Qd3+ Qxd3 35. Rxd3 Kg6 36. Kg2 Kg5 37. h4+ gxh3+ 38. Kxh3 f5 39. Kg2 b6 40. Kf3 a5 41. a4 Rd8 42. d6 Rd7 43. Rd4 Kf6 44. Kf4 Ke6 45. f3 Kf6 46. Rd5 Ke6 47. Re5+ Kxd6 48. Rxf5 Ke6 49. Rb5 Rd6 50. g4 Rd4+ 51. Ke3 Rd6 52. Ke4 Kf7 53. f4 Kf6 54. g5+ Ke7 55. f5 Kd7 56. Ke5 Rc6 57. g6 Ke7 58. Rd5 Rc8 59. f6+ Ke8 60. Ke6 Kf8 61. Rd6 Re8+ 62. Kd7 Re3 63. Kc7 Rc3+ 64. Kb7 Ke8 65. Rxb6 Kf8 66. Ka6 1-0

[Event "Hamburg St Pauli op-A"]
[Site "Hamburg"]
[Date "2011.07.11"]
[Round "4"]
[White "Neiss, Josef Martin"]
[Black "Powierski, Emil"]
[Result "1-0"]
[WhiteElo "2076"]
[BlackElo "2019"]
[PlyCount "115"]
[EventDate "2011.07.09"]
[EventType "swiss"]
[EventRounds "9"]
[EventCountry "GER"]
[SourceTitle "CBM 143 Extra"]
[Source "ChessBase"]
[SourceDate "2011.08.29"]
[SourceVersion "1"]
[SourceVersionDate "2011.08.29"]
[SourceQuality "1"]

1. Nf3 c5 2. c4 g6 3. d4 cxd4 4. Nxd4 Bg7 5. g3 Nc6 6. Nxc6 bxc6 7. Bg2 Qa5+ 8. Qd2 Qxd2+ 9. Nxd2 Nf6 10. Rb1 d5 11. e4 Be6 12. b3 0-0 13. Ba3 dxe4 14. Nxe4 Bf5 15. f3 Nxe4 16. fxe4 Bc3+ 17. Ke2 Bg4+ 18. Bf3 Bxf3+ 19. Kxf3 Rfd8 20. Rhd1 Bf6 21. e5 Bxe5 22. Bxe7 Rd4 23. Bc5 Rxd1 24. Rxd1 Kg7 25. Rd7 a6 26. h3 h5 27. g4 hxg4+ 28. hxg4 Kf6 29. Rb7 Ke6 30. Re7+ Kf6 31. g5+ Kf5 32. Rxf7+ Ke6 33. Rb7 Rh8 34. Kg4 Re8 35. Ra7 Bd6 36. Bd4 Bb4 37. Rg7 Be1 38. Rxg6+ Kd7 39. Kf3 Bd2 40. Rg7+ Ke6 41. Ke4 Bc1 42. Be5 c5 43. g6 Bd2 44. Ra7 a5 45. g7 Rg8 46. Ra6+ Kf7 47. Kf5 Re8 48. Ra7+ Kg8 49. Kg6 a4 50. Rxa4 Be3 51. Ra7 Bd4 52. Bxd4 cxd4 53. Rd7 Re6+ 54. Kf5 Ra6 55. Rxd4 Rxa2 56. Rg4 Rf2+ 57. Ke5 Rb2 58. Rg3 1-0

[Event "Hamburg St Pauli op-A"]
[Site "Hamburg"]
[Date "2010.07.14"]
[Round "6"]
[White "Rabus, Berthold"]
[Black "Neiss, Josef Martin"]
[Result "1/2-1/2"]
[WhiteElo "2219"]
[BlackElo "2105"]
[PlyCount "50"]
[EventDate "2010.07.10"]
[EventType "swiss"]
[EventRounds "9"]
[EventCountry "GER"]
[SourceTitle "EXT 2013"]
[Source "ChessBase"]
[SourceDate "2012.11.22"]
[SourceVersion "1"]
[SourceVersionDate "2012.11.22"]
[SourceQuality "1"]

1. d4 Nf6 2. Nf3 c5 3. c3 e6 4. Bf4 Be7 5. h3 b6 6. e3 0-0 7. a4 Nc6 8. Be2 Bb7 9. 0-0 Rc8 10. Nbd2 cxd4 11. exd4 Na5 12. Re1 d6 13. Bd3 Bd5 14. Ng5 Nc4 15. Qc2 h6 16. Nge4 Nxd2 17. Nxf6+ Bxf6 18. Qxd2 Re8 19. Bc2 Bg5 20. Qe3 a5 21. Bxg5 Qxg5 22. Qxg5 hxg5 23. Re3 f6 24. Bd3 Kf7 25. Bb5 Re7 1/2-1/2

[Event "Hamburg St Pauli op-A"]
[Site "Hamburg"]
[Date "2010.07.13"]
[Round "4"]
[White "Ferstl, Manfred"]
[Black "Neiss, Josef Martin"]
[Result "0-1"]
[WhiteElo "1988"]
[BlackElo "2105"]
[PlyCount "82"]
[EventDate "2010.07.10"]
[EventType "swiss"]
[EventRounds "9"]
[EventCountry "GER"]
[SourceTitle "EXT 2013"]
[Source "ChessBase"]
[SourceDate "2012.11.22"]
[SourceVersion "1"]
[SourceVersionDate "2012.11.22"]
[SourceQuality "1"]

1. Nf3 Nf6 2. c4 c5 3. d4 cxd4 4. Nxd4 b6 5. f3 g6 6. e4 d6 7. Be3 Bd7 8. Qd2 Bg7 9. Be2 Nc6 10. Nc3 Rc8 11. 0-0 0-0 12. Rac1 Qc7 13. Nd5 Qb7 14. b4 Nxd5 15. exd5 Nxd4 16. Bxd4 Rc7 17. Bxg7 Kxg7 18. Qd4+ f6 19. Bd3 Rfc8 20. Rfe1 Be8 21. Re2 Bf7 22. b5 Bxd5 23. Rce1 Bf7 24. Be4 Qb8 25. Bc6 e5 26. Qd3 Rd8 27. Rd2 a6 28. a4 axb5 29. axb5 Ra7 30. Qb3 Ra5 31. Ra2 Rxa2 32. Qxa2 Be8 33. Bd5 Qc7 34. Qa6 Bf7 35. Bxf7 Kxf7 36. Ra1 Rd7 37. Ra4 Qc5+ 38. Kf1 Kg7 39. Qa8 d5 40. Qe8 Rc7 41. cxd5 Qc1+ 0-1

[Event "Hamburg St Pauli op-A"]
[Site "Hamburg"]
[Date "2010.07.12"]
[Round "3"]
[White "Neiss, Josef Martin"]
[Black "Wronn, Bernd"]
[Result "0-1"]
[WhiteElo "2105"]
[BlackElo "2234"]
[PlyCount "86"]
[EventDate "2010.07.10"]
[EventType "swiss"]
[EventRounds "9"]
[EventCountry "GER"]
[SourceTitle "EXT 2013"]
[Source "ChessBase"]
[SourceDate "2012.11.22"]
[SourceVersion "1"]
[SourceVersionDate "2012.11.22"]
[SourceQuality "1"]

1. Nf3 Nf6 2. c4 e6 3. g3 d5 4. Bg2 c5 5. 0-0 Nc6 6. cxd5 Nxd5 7. Nc3 Be7 8. b3 0-0 9. Bb2 Bf6 10. Nxd5 Bxb2 11. Rb1 Ba3 12. Ne3 Bb4 13. Nc4 Na5 14. Nfe5 Qc7 15. Nd3 Nxc4 16. bxc4 Ba5 17. Rb2 Rb8 18. Qc2 Rd8 19. Rfb1 b6 20. Qa4 Bd7 21. Qa3 Rbc8 22. Nf4 Be8 23. Qe3 Qd6 24. d3 Bc3 25. Rb3 Bd4 26. Qf3 Bc6 27. Qg4 f5 28. Qh5 Be8 29. Qh3 g5 30. Nxe6 Qxe6 31. Bd5 Rxd5 32. cxd5 Qxd5 33. e4 g4 34. Qxh7+ Kxh7 35. exd5 Bf7 36. Ra3 Rc7 37. d6 Rd7 38. Re1 Bf6 39. h3 gxh3 40. Kh2 a5 41. Kxh3 Rxd6 42. f4 Bd5 43. Re2 Bb2 0-1

[Event "Hamburg St Pauli op-A"]
[Site "Hamburg"]
[Date "2010.07.11"]
[Round "2"]
[White "Schroeder, Christoph"]
[Black "Neiss, Josef Martin"]
[Result "1/2-1/2"]
[WhiteElo "2237"]
[BlackElo "2105"]
[PlyCount "57"]
[EventDate "2010.07.10"]
[EventType "swiss"]
[EventRounds "9"]
[EventCountry "GER"]
[SourceTitle "EXT 2013"]
[Source "ChessBase"]
[SourceDate "2012.11.22"]
[SourceVersion "1"]
[SourceVersionDate "2012.11.22"]
[SourceQuality "1"]

1. e4 c6 2. Nf3 d5 3. exd5 cxd5 4. Ne5 Nf6 5. d4 g6 6. Bb5+ Bd7 7. Nxd7 Nbxd7 8. 0-0 Bg7 9. Re1 0-0 10. c3 e6 11. Nd2 Qc7 12. Qe2 Rfc8 13. a4 Bf8 14. Bd3 Bd6 15. Nf3 Bf4 16. Bxf4 Qxf4 17. Ne5 Nxe5 18. dxe5 Nd7 19. g3 Qg5 20. f4 Qe7 21. g4 Rc7 22. Kh1 Rac8 23. Qf2 Qc5 24. Qd2 Qe7 25. a5 Qh4 26. Qg2 Nc5 27. Bc2 Nd7 28. Bd3 Nc5 29. Bc2 1/2-1/2

[Event "Deggendorf op"]
[Site "Deggendorf"]
[Date "2006.06.17"]
[Round "6"]
[White "Bielmeier, Ludwig"]
[Black "Neiss, Josef Martin"]
[Result "0-1"]
[WhiteElo "2052"]
[BlackElo "2022"]
[PlyCount "146"]
[EventDate "2006.06.15"]
[EventType "swiss"]
[EventRounds "7"]
[EventCountry "GER"]
[SourceTitle "EXT 2008"]
[Source "ChessBase"]
[SourceDate "2007.11.25"]
[SourceVersion "1"]
[SourceVersionDate "2007.11.25"]
[SourceQuality "1"]

1. Nf3 c5 2. c4 Nf6 3. g3 b6 4. Bg2 Bb7 5. 0-0 e6 6. d4 cxd4 7. Qxd4 Be7 8. Nc3 d6 9. e4 a6 10. b3 Qc7 11. Bb2 0-0 12. Rfd1 Rd8 13. Rac1 Nbd7 14. Qe3 Rac8 15. Nd4 Qb8 16. Rc2 Qa8 17. Qe1 Nc5 18. Re2 Bf8 19. Nc2 b5 20. cxb5 axb5 21. Nb4 Qa5 22. Nc2 b4 23. Na4 Nxa4 24. bxa4 Nxe4 25. Nxb4 d5 26. a3 Qxa4 27. Bxe4 dxe4 28. Red2 Qa8 29. Qe3 h6 30. Qf4 e3 31. Rd7 exf2+ 32. Kf1 Rxd7 33. Rxd7 Ba6+ 34. Nxa6 Qxa6+ 35. Kxf2 Rc2+ 36. Rd2 Rxd2+ 37. Qxd2 Bxa3 38. Bc3 Bc5+ 39. Kg2 Qc6+ 40. Kh3 Qd5 41. Qf4 Bd6 42. Qe3 Qf5+ 43. Kg2 Bc5 44. Qe2 Qd5+ 45. Kh3 Bd4 46. Bd2 Qe5 47. Qf3 Qd5 48. Qe2 Qf5+ 49. Kg2 e5 50. Bb4 Kh7 51. Bd6 e4 52. Bf4 g5 53. Bd2 e3 54. Bxe3 Qe4+ 55. Kf2 Qxe3+ 56. Qxe3 Bxe3+ 57. Kxe3 f5 58. Kd4 g4 59. Ke3 Kg6 60. Kd4 Kf6 61. Kd5 Kg5 62. Kd4 f4 63. Ke4 f3 64. Ke3 Kf5 65. h3 h5 66. hxg4+ hxg4 67. Kd3 Ke5 68. Ke3 Kd5 69. Kd3 Kc5 70. Ke3 Kc4 71. Kd2 Kd4 72. Kd1 Kd3 73. Ke1 Ke3 0-1

[Event "Deggendorf op"]
[Site "Deggendorf"]
[Date "2006.06.16"]
[Round "4"]
[White "Snorek, Milan"]
[Black "Neiss, Josef Martin"]
[Result "1-0"]
[WhiteElo "2129"]
[BlackElo "2022"]
[PlyCount "109"]
[EventDate "2006.06.15"]
[EventType "swiss"]
[EventRounds "7"]
[EventCountry "GER"]
[SourceTitle "EXT 2008"]
[Source "ChessBase"]
[SourceDate "2007.11.25"]
[SourceVersion "1"]
[SourceVersionDate "2007.11.25"]
[SourceQuality "1"]

1. d4 d5 2. Nf3 Bf5 3. c4 c6 4. cxd5 cxd5 5. Qb3 Bc8 6. Nc3 Nf6 7. Bg5 e6 8. e3 Be7 9. Bd3 0-0 10. 0-0 Nc6 11. Rac1 Bd7 12. a3 Na5 13. Qa2 Rc8 14. b4 Nc4 15. Bxc4 Rxc4 16. Ne5 Rc8 17. Qb3 h6 18. Bh4 a6 19. h3 Nh5 20. Bxe7 Qxe7 21. Rc2 Nf6 22. Rfc1 Rfd8 23. Na4 Bxa4 24. Qxa4 Rxc2 25. Qxc2 Ne4 26. Qc7 Qxc7 27. Rxc7 Nd6 28. a4 Kf8 29. Nd7+ Ke8 30. Nc5 Rb8 31. Kf1 a5 32. bxa5 Ra8 33. Nxb7 Nxb7 34. Rxb7 Rxa5 35. Rb4 Kd7 36. Ke2 Kc7 37. Kd3 Ra6 38. f3 Rc6 39. Rb2 Ra6 40. Ra2 Kb6 41. Rb2+ Kc7 42. Rb4 Rc6 43. a5 f6 44. Rb5 Kd6 45. h4 g5 46. h5 e5 47. g4 exd4 48. Kxd4 Rc4+ 49. Kd3 Ra4 50. Rb6+ Ke5 51. a6 Ra3+ 52. Kc2 Rxe3 53. Rb3 Re2+ 54. Kb1 Re1+ 55. Ka2 1-0

[Event "Passau op 8th"]
[Site "Passau"]
[Date "2000.04.22"]
[Round "3"]
[White "Neiss, Josef Martin"]
[Black "Knitl, Anton"]
[Result "1/2-1/2"]
[WhiteElo "2134"]
[BlackElo "2064"]
[PlyCount "99"]
[EventDate "2000.04.21"]
[EventType "swiss"]
[EventRounds "7"]
[EventCountry "GER"]
[SourceTitle "CBM 076 Extra"]
[Source "ChessBase"]
[SourceDate "2000.07.11"]
[SourceVersion "1"]
[SourceVersionDate "2000.07.11"]
[SourceQuality "1"]

1. Nf3 Nf6 2. c4 c5 3. b3 g6 4. Bb2 Bg7 5. g3 b6 6. Bg2 Bb7 7. 0-0 0-0 8. Na3 Ne8 9. Qc1 d6 10. Nc2 Nd7 11. d3 e6 12. Rd1 Qe7 13. Ne3 Ne5 14. Nxe5 dxe5 15. Bxb7 Qxb7 16. Ng4 f6 17. f3 Nd6 18. e4 h5 19. Nf2 Nf7 20. Qe3 Bh6 21. Qe2 Nd8 22. Rf1 Nc6 23. Bc3 Rad8 24. Rad1 Qd7 25. Kg2 Nd4 26. Qb2 f5 27. Bxd4 Qxd4 28. Qxd4 Rxd4 29. Rfe1 f4 30. g4 Bg5 31. gxh5 gxh5 32. Kh3 Kf7 33. Re2 Rg8 34. Rg1 Rdd8 35. Rd2 Bf6 36. Rdd1 a6 37. Rc1 Be7 38. Rg2 Rxg2 39. Kxg2 Bh4 40. Rd1 Rg8+ 41. Kf1 Bxf2 42. Kxf2 Kf6 43. Rg1 Rxg1 44. Kxg1 Kg5 45. Kf2 Kh4 46. Kg2 Kg5 47. Kh3 Kg6 48. Kh4 Kh6 49. a3 Kg6 50. a4 1/2-1/2

[Event "Passau op 7th"]
[Site "Passau"]
[Date "1999.04.02"]
[Round "2"]
[White "Neiss, Josef Martin"]
[Black "Sawatzky, Artur"]
[Result "1/2-1/2"]
[WhiteElo "2102"]
[BlackElo "1419"]
[PlyCount "109"]
[EventDate "1999.04.02"]
[EventType "swiss"]
[EventRounds "7"]
[EventCountry "GER"]
[SourceTitle "EXT 2000"]
[Source "ChessBase"]
[SourceDate "1999.11.16"]
[SourceVersion "1"]
[SourceVersionDate "1999.11.16"]
[SourceQuality "1"]

1. Nf3 d5 2. b3 Nf6 3. Bb2 e6 4. e3 c5 5. c4 Nbd7 6. Be2 Be7 7. 0-0 0-0 8. Na3 b6 9. cxd5 exd5 10. d4 Bb7 11. Rc1 Rc8 12. Nb5 a6 13. Nc3 Re8 14. dxc5 bxc5 15. Qd3 Nb6 16. Rfd1 Ne4 17. Qb1 Nxc3 18. Bxc3 Bf6 19. Qf5 Qd7 20. Bd3 Qxf5 21. Bxf5 Rc6 22. Ba5 Bb2 23. Rc2 Ba3 24. Bc3 f6 25. Rcd2 Rd6 26. Ne1 g6 27. Bg4 f5 28. Bf3 Bb4 29. Bxb4 cxb4 30. Nd3 a5 31. Nc5 Ba8 32. h4 Rc8 33. Nd3 Rdc6 34. Nf4 Rc2 35. Kf1 Kf7 36. Ke2 h6 37. g3 g5 38. hxg5 hxg5 39. Nd3 g4 40. Bg2 Rxd2+ 41. Kxd2 Rh8 42. Rh1 Rxh1 43. Bxh1 Ke6 44. Bg2 Kd6 45. Kc2 Nd7 46. Kb2 Nc5 47. Nxc5 Kxc5 48. Kc2 Bc6 49. Bf1 Bb5 50. Bg2 Be2 51. Kd2 Bb5 52. f3 Bc6 53. fxg4 fxg4 54. Bf1 d4 55. Bd3 1/2-1/2